000 00929nam a22001817a 4500
005 20260124092753.0
008 230712b ||||| |||| 00| 0 eng d
040 _cSSBUL
_dSSBUL
082 _223
_a၉၅၉.၁ မြန် ၁၆၁၃၁ (S-SAT)
245 _aမြန်မာ့ဆိုရှယ်လစ်လမ်းစဉ်ပါတီဖွဲ့စည်းပုံအခြခံစည်းမျဉ်း /
250 _aဒသမအကြိမ်။
260 _aရန်ကုန်၊
_bပါတီပုံနှိပ်တိုက်၊
_c၁၉၈၃။
300 _a၁၁၃ စာမျက်နှာ၊
_c၂၁ စင်တီ။
500 _aS-SAT: Dr. Prof Sai Aung Tun
650 _aမြန်မာ့ဆိုရှယ်လစ်လမ်းစဉ်ပါတီ။
_927833
651 _aမြန်မာနိုင်ငံ
_xသမိုင်း။
_96190
942 _2ddc
_cBK1
999 _c27087
_d27087